FAMILY LAW (Record no. 25737)

MARC details
000 -LEADER
fixed length control field 00306nam a22001457a 4500
003 - CONTROL NUMBER IDENTIFIER
control field SGT
020 ## - INTERNATIONAL STANDARD BOOK NUMBER
International Standard Book Number 9789395759106
082 ## - DEWEY DECIMAL CLASSIFICATION NUMBER
Classification number 346.015
Item number DIW
100 ## - MAIN ENTRY--PERSONAL NAME
Personal name DIWAN PARAS
245 ## - TITLE STATEMENT
Title FAMILY LAW
250 ## - EDITION STATEMENT
Edition statement 13
260 ## - PUBLICATION, DISTRIBUTION, ETC. (IMPRINT)
Place of publication, distribution, etc FARIDABAD
Name of publisher, distributor, etc ALLAHABAD LAW AGENCY
Year of Publication 2023
300 ## - PAGE DESCRIPTION
No. of Pages 617
942 ## - ADDED ENTRY ELEMENTS (KOHA)
Source of classification or shelving scheme Dewey Decimal Classification
Koha item type Books
942 ## - ADDED ENTRY ELEMENTS (KOHA)
-- 21
Holdings
Withdrawn status Lost status Source of classification or shelving scheme Damaged status Not for loan Collection code Home library Current library Shelving location Date acquired Vendor Name Cost, normal purchase price SGTU Bill Number Full call number Accession No. (Barcode) Date last seen Bill Date Koha item type Total Checkouts Date last borrowed
    Dewey Decimal Classification   Not For Loan LAW SGT Science & Social Sciences Library SGT Science & Social Sciences Library Reference Book 24/02/2024 COMMERCIAL BOOK HOUSE 795.00 SGTU 2075 346.015 DIW FL3245 24/02/2024 06/02/2024 Books    
    Dewey Decimal Classification     LAW SGT Science & Social Sciences Library SGT Science & Social Sciences Library Text Book 24/02/2024 COMMERCIAL BOOK HOUSE 795.00 SGTU 2075 346.015 DIW FL3246 24/03/2026 06/02/2024 Books 5 17/03/2026
    Dewey Decimal Classification     LAW SGT Science & Social Sciences Library SGT Science & Social Sciences Library Text Book 24/02/2024 COMMERCIAL BOOK HOUSE 795.00 SGTU 2075 346.015 DIW FL3247 27/01/2026 06/02/2024 Books 5 12/01/2026
    Dewey Decimal Classification     LAW SGT Science & Social Sciences Library SGT Science & Social Sciences Library Text Book 24/02/2024 COMMERCIAL BOOK HOUSE 795.00 SGTU 2075 346.015 DIW FL3248 22/12/2025 06/02/2024 Books 10 13/12/2025
    Dewey Decimal Classification     LAW SGT Science & Social Sciences Library SGT Science & Social Sciences Library Text Book 24/02/2024 COMMERCIAL BOOK HOUSE 795.00 SGTU 2075 346.015 DIW FL3249 15/01/2026 06/02/2024 Books 11 13/01/2026